|
|
|
|
| LEADER |
00000nam a2200000 a 4500 |
| 001 |
vtls001415688 |
| 003 |
SK-MaSNL |
| 005 |
20260302035154.0 |
| 008 |
251124s1998 RU ai r 0 rus |
| 020 |
|
|
|a 5255013315
|c [700,00]
|
| 035 |
|
|
|a SNK000370428
|
| 040 |
|
|
|a SNK
|b slo
|c SNK
|e AACR2
|
| 044 |
|
|
|a RU
|
| 080 |
|
|
|a 929.6(470)(091)
|2 1981
|
| 245 |
1 |
|
|a Gerby gorodov Rossii
|
| 260 |
|
|
|a Moskva
|b Profizdat
|c 1998
|
| 300 |
|
|
|a 476 s.
|c 28 cm
|
| 500 |
|
|
|a Súbež. tit. strana angl.
|
| 650 |
0 |
7 |
|a popisy a vyobrazenia
|2 SNK
|9 349540
|
| 650 |
0 |
7 |
|a heraldika
|2 SNKPH
|9 3642
|
| 650 |
0 |
7 |
|a mestské erby
|2 SNKPH
|9 57249
|
| 650 |
0 |
7 |
|a dejiny
|2 SNKPH
|9 3825
|
| 651 |
|
7 |
|a Rusko
|2 SNKPHgeo
|9 17250
|
| 919 |
|
|
|a 5-255-01331-5
|
| 999 |
|
|
|c 1069557
|d 1071487
|
| 952 |
|
|
|t P60, <04>, [BOOK], {604}
|a SNK
|b SNK
|y VYP
|7 0
|p 17A0340658
|o snkIB 70408
|i snkV 524/2002
|0 0
|1 0
|4 0
|d 2002-05-14
|l 0
|r 2005-01-02 00:00:00
|w 2026-02-24
|